000 00958nam a22002897a 4500
001 BR8903382
003 BR-BrBNA
005 20230928093245.0
007 ta
008 230509b bl.||||| |||| 00| 0 por d
040 _aBR-BrBNA
_bpor
_cBiblioteca Nacional de Agricultura
041 _a(Por)
072 _aF61; P34
_b1410
_b3920
_b3730
090 _ 1410 BR8903382
100 1 _aBrusantin, R. de C.V.
110 1 _aEscola Superior de Agricultura Luiz de Queiroz, Piracicaba, SP (Brasil)
_0Tese (Mestrado)
245 1 _aEstudo da interacao entre lectinas aglutinantes de feijao (Phaseolus vulgaris, L.)e celulas de Rhizobium phaseoli
260 3 _aPiracicaba, SP (Brasil):
_c1989.
300 _a98 p.
500 _aSummaries (Eng, Por); Bibliography p. 79-98 (114 ref.); 13 tables; 6 illus.
650 _aFEIJAO
650 _aAGLUTININA
650 _aAGLUTINACAO
650 _aRHIZOBIUM
909 _a202309
_bLucia
_c55
_dLucia Elande
942 _cBK
999 _c43927
_d43927